000 00766nam a2200145Ia 4500
008 220214s9999 xx 000 0 und d
022 _a0036-8075
245 0 _aSCIENCE
260 _bAmerican Association for the advancement of Science, New York
_aUSA
310 _aW
500 _aEnding Volume & Year: 290, 2000
500 _aMissing Volume: 151(3706);152(3721,3726);156(3773);161(3842);166(3907);167(3921);174(4006,4014);178-79(4071-4080);183(4119);185(4151);187(4170);191(4221);195(4277);198(4324);206(4426);210(4477);212(4491-94);218(4580);222(4630);226(4682);229(4714);230(4724,4733);231(4734);234(4777);240(4858);241;245-247;248(4959);259(5092,5099);275-277;289(5478);289(5486);290(5491-92,94)check
500 _aStarting Volume & Year: 147, 1965
942 _cBJ
999 _c834
_d834